000 00501nam a2200181Ia 4500
003 IN-BaIIA
008 211028s9999 xx 000 0 eng d
040 _cIIA Library
080 _a52
_bBAK
100 _aBaker, Robert Horace
_96739
245 3 _aAn Introduction to astronomy
_cR. H. Baker and L. W. Frederick
250 _a7th ed.
260 _aPrinceton, N. J.
_bD. Van Nostrand
_c1968
300 _aix, 365p.
650 _aAstronomy
_980
700 _aFrederick, Lawrence W
_96740
942 _cBK
999 _c3796
_d3796